000 00747nam a2200217 i 4500
001 72233
003 ES-MaACL
005 20230906171353.0
007 t|
008 040827s1964 sp ||||1| spa d
100 1 _aGilluly, James.
_956990
245 1 0 _aPrincipios de Geología /
_cJames Gilluly, A.C. Waters, A.O. Woodford ; versión española de Federico Portillo ; ilustraciones de R.R. Compton y E.L. Gillespie.
260 _a[Madrid] :
_bAguilar,
_c[1964]
300 _aXVIII, 692 p. :
_bil. ;
_c25 cm.
700 1 _aWaters, A. C.
_9116167
700 1 _aWoodford, A. O.
_9117325
700 1 _aPortillo, Federico.
_993252
700 1 _aCompton, R. R.
_940051
700 1 _aGillespie, E. L.
_956961
852 _aES-MaACL
_jC-25348
_bR.54239
999 _c72233
_d72233